00749 2200265 4500001002100000005001700021008004100038020001800079035002400097082001100121090001800132100001700150245010300167260004200270300002500312500002500337650001700362700002100379700002300400850000900423985000600432999001500438999001500453999001500468YOGYA-0209000007311920090227093710.0 ind  a979-22-1198-5 0010-020900000073119 a664.62 a664.62bNas M aNASAR, Sri S aMakanan bayi & ibu menyusuicSri S.Nasar,Aryono Hendarto,Hindah J.Muaris;ediitor,Intarina Hardiman aJakartabGramedia Pustaka Utamac2005 a151 hlmbilusc23 cm aBibliografi: hlm.151 aMakanan bayi aMuaris, Hindah J aHardiman, Intarina aBPAD a3 a08B0044254 a08B0044255 a08B0044256